书目信息 |
| 题名: |
世界历史上的今天
|
|
| 作者: | 新华社<参考消息>编辑部 编译 | |
| 分册: | ||
| 出版信息: | 北京 新华出版社 1984.10 |
|
| 页数: | 435页 | |
| 开本: | 20cm | |
| 丛书名: | ||
| 单 册: | ||
| 中图分类: | K108 | |
| 科图分类: | ||
| 主题词: | 世界史--历史年表 | |
| 电子资源: | ||
| ISBN: | ||
| 000 | 00563nam0 2200181 45 | |
| 001 | 0312221749 | |
| 005 | 20070730141405.78 | |
| 010 | @dCNY1.55 | |
| 100 | @a20031222d1984 km y0chiy0120 ea | |
| 101 | @achi | |
| 200 | 1 |
@a世界历史上的今天@AShi Jie Li Shi Shang De Jin Tian@f新华社<参考消息>编辑部编译@FXin Hua She |
| 210 | @a北京@c新华出版社@d1984.10 | |
| 215 | @a435页@d20cm | |
| 606 | 0 | @a世界史@x历史年表 |
| 690 | @aK108@v3 | |
| 701 | 0 | @a新华社<参考消息>编辑部@4编译 |
| 801 | @aCN@bTSTCL@c20070730 | |
| 905 | @dK108@e62@b228184@f1 | |
| 世界历史上的今天/新华社<参考消息>编辑部编译.-北京:新华出版社,1984.10 |
| 435页;20cm |
| ISBN :CNY1.55 |
| ● |
| 相关链接 |
|
|
|
|
正题名:世界历史上的今天
索取号:K108/62
 
预约/预借
| 序号 | 登录号 | 条形码 | 馆藏地/架位号 | 状态 | 备注 |
| 1 | 0228184 | 001993105 | 密集书库/ [索取号:K108/62] | 在馆 | |
| 2 | 0228185 | 001417032 | 第二样本阅览室/ [索取号:K108/62] | 在馆 | |
| 3 | 0786321 | 207863212 | 密集书库/ [索取号:K108/62] | 在馆 |